Por una sociología del trabajo académico (Registro nro. 48908)
[ vista simple ]
| 000 -CABECERA | |
|---|---|
| Longitud fija campo de control | 01253naa a2200313 c 4500 |
| 001 - NÚMERO DE CONTROL | |
| Número de control | 48908 |
| 003 - IDENTIFICADOR DE NÚMERO DE CONTROL | |
| Identificador del número de control | ES-MaCES |
| 005 - FECHA Y HORA DE LA ÚLTIMA TRANSACCIÓN | |
| Fecha y hora de la última transacción | 20180315135408.0 |
| 008 - CAMPO FIJO DE DESCRIPCIÓN FIJA--INFORMACIÓN GENERAL | |
| Códigos de información de longitud fija | 170220s2016 sp ||||| t||||||| ||spa d |
| 040 ## - FUENTE DE CATALOGACIÓN | |
| Centro catalogador de origen | ES-MaCES |
| Lengua de catalogación | spa |
| Centro transcriptor | ES-MaCES |
| Centro modificado | ES-MaCES |
| 100 1# - ENCABEZAMIENTO PRINCIPAL--NOMBRE PERSONAL | |
| 9 (RLIN) | 9287 |
| Nombre de persona | Castillo Alonso, Juan José |
| 245 10 - MENCIÓN DE TÍTULO | |
| Título | Por una sociología del trabajo académico |
| Resto del título | : La precarización del trabajo de enseñar e investigar en la Universidad |
| Mención de responsabilidad, etc. | Juan José Castillo, Paloma Moré |
| 504 ## - NOTA DE BIBLIOGRAFÍA, ETC. | |
| Nota de bibliografía, etc. | Bibliografía: p. 24-26 |
| 650 #4 - ASIENTO SECUNDARIO DE MATERIA--TÉRMINO DE MATERIA | |
| 9 (RLIN) | 27434 |
| Término de materia o nombre geográfico como elemento inicial | universidad |
| 650 #4 - ASIENTO SECUNDARIO DE MATERIA--TÉRMINO DE MATERIA | |
| 9 (RLIN) | 27379 |
| Término de materia o nombre geográfico como elemento inicial | enseñanza superior |
| 650 #4 - ASIENTO SECUNDARIO DE MATERIA--TÉRMINO DE MATERIA | |
| 9 (RLIN) | 29286 |
| Término de materia o nombre geográfico como elemento inicial | personal docente |
| 650 #4 - ASIENTO SECUNDARIO DE MATERIA--TÉRMINO DE MATERIA | |
| 9 (RLIN) | 28827 |
| Término de materia o nombre geográfico como elemento inicial | investigación |
| 650 #4 - ASIENTO SECUNDARIO DE MATERIA--TÉRMINO DE MATERIA | |
| 9 (RLIN) | 28327 |
| Término de materia o nombre geográfico como elemento inicial | condiciones de trabajo |
| 650 #4 - ASIENTO SECUNDARIO DE MATERIA--TÉRMINO DE MATERIA | |
| 9 (RLIN) | 28316 |
| Término de materia o nombre geográfico como elemento inicial | contrato de trabajo |
| 650 #4 - ASIENTO SECUNDARIO DE MATERIA--TÉRMINO DE MATERIA | |
| 9 (RLIN) | 27165 |
| Término de materia o nombre geográfico como elemento inicial | derecho del trabajo |
| 650 #4 - ASIENTO SECUNDARIO DE MATERIA--TÉRMINO DE MATERIA | |
| 9 (RLIN) | 27166 |
| Término de materia o nombre geográfico como elemento inicial | legislación del trabajo |
| 650 #4 - ASIENTO SECUNDARIO DE MATERIA--TÉRMINO DE MATERIA | |
| 9 (RLIN) | 27373 |
| Término de materia o nombre geográfico como elemento inicial | política educativa |
| 650 #4 - ASIENTO SECUNDARIO DE MATERIA--TÉRMINO DE MATERIA | |
| 9 (RLIN) | 29892 |
| Término de materia o nombre geográfico como elemento inicial | reforma legislativa |
| 653 10 - TÉRMINO DE INDEXACIÓN--NO CONTROLADO | |
| Término no controlado | Relaciones laborales-Empleo |
| 700 1# - ENCABEZAMIENTO SECUNDARIO--NOMBRE PERSONAL | |
| 9 (RLIN) | 37155 |
| Nombre de persona | Moré Corral, Paloma |
| 773 0# - ENTRADA DE DOCUMENTO FUENTE | |
| Itemnumber del ítem fuente | 85527 |
| Lugar, editor y fecha de publicación | Madrid (Plaza, 5, 28043) Siglo XXI de España |
| Otro identificador del documento | 088425 |
| Título | Sociología del trabajo |
| Número de control del registro relacionado | (ES-MaCES)25232 |
| Parte(s) relacionada(s) | n. 88 (otoño 2016) {10217 R. 088425} ;p. 7-26 |
| 902 ## - CES. TIPO DE DOCUMENTO | |
| Tipodoc (006$c Sirtex) | ART Artículo de revista |
| 942 ## - ELEMENTOS KOHA | |
| Fuente de clasificaión o esquema | Clasificación propia del CES |
| Koha [por defecto] tipo de item | Artículos (1982-2017) |
| Parte de clasificación | Relaciones Laborales y Rel. Lab.- Empleo |
No hay ítems disponibles.
